| 000 | 00997nam a2200193 a 4500 | ||
|---|---|---|---|
| 001 | 59036 | ||
| 005 | 20180714055850.0 | ||
| 008 | 140415s2008 sp 000 0 spa d | ||
| 020 | _a9788431325435 | ||
| 041 | _aspa | ||
| 082 |
_a306.8 _bCAS |
||
| 100 | 1 | _aCastillo, Gerardo. | |
| 245 | 1 | 0 |
_aAMOR A FUEGO LENTO : _b16 TESTIMONIOS DE EXITO |
| 250 | _a1a ed. | ||
| 260 |
_aESPAÑA : _bEUNSA, _c2008 |
||
| 300 |
_a770 _c17.3 x 2 x 24 |
||
| 520 | _aESTE LIBRO RECOGE 16 ENTREVISTAS REALIZADAS A UNA SERIE DE PERSONAS RELEVANTES POR SU PRESTIGIO PROFESIONAL Y EXPERIENCIA POSITIVA, COMO ESPOSOS Y PADRES DE FAMILIA . SON ENTREVISTAS QUE PRETENDEN DESVELAR Y ACERCAR AL GRAN PUBLICO EL LADO MENOS CONOCIDO DE CADA UNO DE ELLOS, LIGADO SOBRE TODO A SU HISTORIA DE AMOR EN EL ESCENARIO DE LA FAMILIA. ASI , CONTITUYEN UNA REFERENCIA Y UNA ORIENTACION PRACTICA, PARA SOLTEROS Y CASADOS. ENCONTRARAN CLAVES PARA QUE SU HISTORIA DE AMOR SEA EXITO | ||
| 650 | 1 | 4 |
_aAMOR _xFAMILIA _xMATRIMONIO |
| 999 |
_c59036 _d59036 |
||